| 000 | 00399nam a22001697a 4500 | ||
|---|---|---|---|
| 999 |
_c3494 _d233998 |
||
| 080 | _a342 So 42 | ||
| 100 | _aSolari, Juan Antonio | ||
| 245 | _aGeneraciones Laicas argentinas | ||
| 260 |
_aBuenos Aires _bBases _c1964 |
||
| 300 | _a217 P. | ||
| 650 | _xCongreso de 1853 | ||
| 650 | _xLey 1420 | ||
| 650 | _xLiberalismo | ||
| 650 | _xDerecho politico | ||
| 942 | _6_ | ||
| 945 |
_acd _d2015-02-20 |
||